[Event "Nordnorsk Mesterskap i sjakk 2024"]
[Site "Sparebanken Nordnorge festsal"]
[Date "2024.05.24"]
[Round "1"]
[White "Hansen, Thobias G."]
[Black "Andersen, Daniel H."]
[Result "1-0"]
[WhiteElo "1852"]
[BlackElo "1677"]
[PlyCount "89"]
[EventDate "2024.??.??"]

1. e4 c5 2. Nf3 Nc6 3. d4 cxd4 4. Nxd4 e5 5. Nb5 d6 6. N1c3 a6 7. Na3 b5 8. Nd5
Nge7 9. c4 Nxd5 10. cxd5 Nd4 11. Be3 g6 12. Bxd4 exd4 13. Qxd4 Qa5+ 14. Qd2
Qxd2+ 15. Kxd2 Bg7 16. Rb1 O-O 17. Bd3 f5 18. f3 fxe4 19. Bxe4 Bf5 20. Rhf1
Bxe4 21. fxe4 Rxf1 22. Rxf1 Bxb2 23. Rf3 Bxa3 24. Rxa3 Kf7 25. Rc3 Kf6 26. Ke3
Ra7 27. Kd4 a5 28. Rc6 Ke7 29. e5 dxe5+ 30. Kxe5 Rb7 31. Rf6 b4 32. d6+ Ke8 33.
Ke6 a4 34. Rf4 a3 35. Rc4 Kd8 36. h3 g5 37. h4 h6 38. g3 Rb8 39. hxg5 hxg5 40.
Rc5 Ke8 41. Rf5 Rb7 42. Rxg5 Kf8 43. Rf5+ Ke8 44. Ra5 Rb8 45. Rh5 1-0

[Event "Nordnorsk Mesterskap i sjakk 2024"]
[Site "Sparebanken Nordnorge festsal"]
[Date "2024.05.24"]
[Round "1"]
[White "Høifødt, Jakob S."]
[Black "Simonsen, Inge"]
[Result "1/2-1/2"]
[WhiteElo "1677"]
[BlackElo "1834"]
[PlyCount "95"]
[EventDate "2024.??.??"]

1. d4 e6 2. c4 d5 3. g3 Nf6 4. Bg2 c6 5. Nf3 Nbd7 6. O-O Bd6 7. Bg5 h6 8. Bxf6
Qxf6 9. Nbd2 Bc7 10. e3 Nf8 11. a4 g5 12. Re1 Ng6 13. cxd5 g4 14. dxe6 gxf3 15.
exf7+ Qxf7 16. Qxf3 Be6 17. Qxf7+ Kxf7 18. f4 Ne7 19. e4 Bb6 20. Nf3 Rad8 21.
Red1 Bb3 22. Rd2 Ba5 23. Re2 Bb6 24. Rd2 Rxd4 25. Nxd4 Rd8 26. Kh1 Rxd4 27.
Rxd4 Bxd4 28. Ra3 Bc2 29. Bf3 a5 30. Kg2 Nc8 31. Ra2 Nb6 32. b4 axb4 33. Rxc2
b3 34. Rd2 b2 35. Rd1 Nc4 36. Rb1 Nd2 37. Rxb2 Bxb2 38. g4 Nxf3 39. Kxf3 Bc1
40. e5 Ke6 41. Ke4 Bd2 42. f5+ Kf7 43. h3 b5 44. axb5 cxb5 45. Kd5 Ba5 46. Kc5
b4 47. Kc4 Ke7 48. h4 1/2-1/2

[Event "Nordnorsk Mesterskap i sjakk 2024"]
[Site "Sparebanken Nordnorge festsal"]
[Date "2024.05.24"]
[Round "1"]
[White "Solbu, August"]
[Black "Hansen, Ola"]
[Result "1-0"]
[WhiteElo "1806"]
[BlackElo "1659"]
[PlyCount "81"]
[EventDate "2024.??.??"]

1. e4 c6 2. d4 a6 3. Nf3 d5 4. exd5 cxd5 5. c4 Bg4 6. Nc3 dxc4 7. Bxc4 Nf6 8.
Bxf7+ Kxf7 9. Ne5+ Ke8 10. Nxg4 Nxg4 11. Qxg4 Nd7 12. Bg5 Nf6 13. Bxf6 exf6 14.
O-O Qd7 15. Rfe1+ Kd8 16. Qxd7+ Kxd7 17. Rac1 Bb4 18. Re2 Rac8 19. Rcc2 Rhe8
20. Kf1 Rxe2 21. Kxe2 Ba5 22. Kd3 Bd8 23. Ne4 Rxc2 24. Kxc2 b6 25. g4 Ke6 26.
Ng3 Bc7 27. Kd3 g6 28. Ke4 Bxg3 29. hxg3 h6 30. b4 Kd6 31. f4 a5 32. bxa5 bxa5
33. a4 Ke6 34. d5+ Kd6 35. Kd4 g5 36. f5 Kc7 37. Kc5 Kd7 38. d6 Kd8 39. Kc6 Kc8
40. d7+ Kd8 41. Kd6 1-0

[Event "Nordnorsk Mesterskap i sjakk 2024"]
[Site "Sparebanken Nordnorge festsal"]
[Date "2024.05.24"]
[Round "1"]
[White "Granmo, Gisle J."]
[Black "Hrafnkelsson, Thorir"]
[Result "0-1"]
[WhiteElo "1657"]
[BlackElo "1783"]
[PlyCount "142"]
[EventDate "2024.??.??"]

1. e4 e5 2. Nf3 Nc6 3. Bb5 Nf6 4. O-O d6 5. Re1 Be7 6. c3 a6 7. Ba4 b5 8. Bc2
O-O 9. h3 Re8 10. d4 h6 11. d5 Nb8 12. Nbd2 Bf8 13. a4 bxa4 14. Bxa4 Bd7 15.
Bxd7 Qxd7 16. Nf1 c5 17. c4 g6 18. Ng3 Bg7 19. Bd2 Qb7 20. Qc2 Nbd7 21. Bc3
Reb8 22. Ra5 Ne8 23. Rea1 Nc7 24. Ne1 Qb3 25. Qxb3 Rxb3 26. Nf1 f5 27. Nd2 Rb7
28. Nc2 Bf6 29. b4 Rab8 30. Rb1 Kf7 31. Kf1 f4 32. Raa1 g5 33. bxc5 Rxb1+ 34.
Rxb1 Rxb1+ 35. Nxb1 dxc5 36. Nd2 Ke7 37. Ke2 Kd6 38. Ba5 h5 39. f3 Na8 40. Kd3
Nab6 41. Kc3 Bd8 42. Kb3 Nf8 43. Ne1 Nfd7 44. Nd3 Bc7 45. Nb1 Nxd5 46. Bxc7+
Nxc7 47. Nc3 Nb6 48. Na4 Nd7 49. Nc3 Nb8 50. Nd5 Ne6 51. Ka4 Nc6 52. Nf6 h4 53.
Ng4 Ned4 54. Nh6 Nc2 55. Nf5+ Kc7 56. Nxc5 Ne3 57. Ne6+ Kd7 58. Nxg5 Nxg2 59.
c5 Ne3 60. Nxh4 Ne7 61. Ka5 Kc6 62. Nf7 Nc4+ 63. Kxa6 Kxc5 64. Ng2 Kd4 65. Kb5
Nd2 66. Ng5 Ng8 67. Kc6 Nf6 68. Kd6 Nfxe4+ 69. Nxe4 Nxe4+ 70. fxe4 f3 71. Nh4
f2 0-1

[Event "Nordnorsk Mesterskap i sjakk 2024"]
[Site "Sparebanken Nordnorge festsal"]
[Date "2024.05.24"]
[Round "1"]
[White "Solbakken, Mikkel D."]
[Black "Olsen, Preben J."]
[Result "1-0"]
[WhiteElo "1781"]
[BlackElo "1655"]
[PlyCount "103"]
[EventDate "2024.??.??"]

1. e4 c6 2. d4 d5 3. Nc3 dxe4 4. Nxe4 Nf6 5. Nxf6+ exf6 6. Bf4 Bd6 7. Bxd6 Qxd6
8. c3 O-O 9. Bd3 Re8+ 10. Ne2 Nd7 11. O-O Nf8 12. Qc2 Be6 13. Ng3 Rad8 14. Qa4
Qb8 15. Ne4 Ng6 16. Nc5 Nf4 17. Nxe6 fxe6 18. Be4 Re7 19. Qc2 g6 20. g3 Nh3+
21. Kh1 Ng5 22. Bg2 Nf7 23. a4 e5 24. Rfe1 Qc7 25. dxe5 Rxe5 26. Rxe5 Qxe5 27.
a5 Qd6 28. Qb3 Rd7 29. h4 Kg7 30. Bf3 Ne5 31. Rd1 Qe7 32. Be2 Rxd1+ 33. Qxd1
Qc5 34. f4 Nf7 35. a6 b6 36. Qd7 Qd5+ 37. Qxd5 cxd5 38. Bf3 Nd6 39. Bxd5 Nf5
40. Kh2 Ne3 41. c4 Nd1 42. b4 Ne3 43. Kg1 Nxd5 44. cxd5 Kf7 45. Kf2 Ke7 46. Ke3
h6 47. g4 b5 48. Kd4 Kd6 49. g5 hxg5 50. fxg5 f5 51. h5 gxh5 52. g6 1-0

[Event "Nordnorsk Mesterskap i sjakk 2024"]
[Site "Sparebanken Nordnorge festsal"]
[Date "2024.05.25"]
[Round "2"]
[White "Hrafnkelsson, Thorir"]
[Black "Hansen, Thobias G."]
[Result "1/2-1/2"]
[WhiteElo "1783"]
[BlackElo "1852"]
[PlyCount "101"]
[EventDate "2024.??.??"]

1. d4 Nf6 2. c4 e6 3. Nf3 d5 4. Nc3 Nbd7 5. cxd5 exd5 6. e3 Bb4 7. Bd2 c5 8.
Bd3 c4 9. Bc2 Rb8 10. O-O O-O 11. h3 Re8 12. Re1 b5 13. a4 a6 14. axb5 axb5 15.
Ne2 Bd6 16. b4 Bb7 17. Qb1 Ra8 18. Qb2 Bc6 19. Rxa8 Qxa8 20. Ra1 Qb7 21. Nc1
Ra8 22. Ne1 Nb6 23. Rxa8+ Qxa8 24. Na2 Na4 25. Qa3 Nd7 26. Bd1 Nab6 27. Qxa8+
Nxa8 28. Nc2 Nc7 29. Kf1 f5 30. g3 Kf7 31. h4 Nf6 32. Nc3 Na6 33. Na2 Ne4 34.
Be1 g6 35. Kg2 h6 36. Bf3 Nf6 37. Be2 g5 38. hxg5 hxg5 39. f3 Nd7 40. Bd2 Nb6
41. Kh3 Na4 42. Kg2 Nb6 43. Kf2 Nd7 44. Bf1 Nc7 45. Bg2 Nf6 46. f4 Ne4+ 47.
Bxe4 fxe4 48. Nc3 Na6 49. Ne2 g4 50. Nc1 Kf6 51. Na2 1/2-1/2

[Event "Nordnorsk Mesterskap i sjakk 2024"]
[Site "Sparebanken Nordnorge festsal"]
[Date "2024.05.25"]
[Round "2"]
[White "Solbakken, Mikkel D."]
[Black "Solbu, August"]
[Result "1-0"]
[WhiteElo "1781"]
[BlackElo "1806"]
[PlyCount "111"]
[EventDate "2024.??.??"]

1. d4 d5 2. c4 e6 3. g3 Nf6 4. Bg2 Be7 5. Nf3 O-O 6. O-O dxc4 7. Ne5 c6 8. Nxc4
b5 9. Ne5 Bb7 10. a4 Qc8 11. Qc2 Rd8 12. axb5 Rd6 13. Bf4 Nd5 14. Nxc6 Nxc6 15.
Bxd6 Bxd6 16. bxc6 Bxc6 17. Nc3 Nb4 18. Qd2 Bxg2 19. Kxg2 Qb7+ 20. Kg1 h5 21.
h4 Rc8 22. Rfc1 a5 23. Na4 Rc7 24. Rxc7 Qxc7 25. Rc1 Qb8 26. Qc3 Kh7 27. Nc5 g6
28. Qf3 Kg7 29. Qb7 Bxg3 30. Nxe6+ Kf6 31. Qf3+ Kxe6 32. Qxg3 Qxg3+ 33. fxg3
Kd5 34. Rc5+ Kxd4 35. Rxa5 Nc6 36. Ra6 Ne5 37. Kf2 Kc4 38. Ke3 f6 39. Ra8 Kb3
40. Rb8+ Kc4 41. b3+ Kc5 42. Ke4 Kd6 43. Rb6+ Ke7 44. Kd5 Nd7 45. Rb7 Ke8 46.
Rxd7 Kxd7 47. e4 g5 48. b4 gxh4 49. gxh4 Ke7 50. b5 Kd7 51. b6 Kd8 52. Ke6 f5
53. exf5 Kc8 54. f6 Kb7 55. f7 Ka8 56. f8=Q+ 1-0

[Event "Nordnorsk Mesterskap i sjakk 2024"]
[Site "Sparebanken Nordnorge festsal"]
[Date "2024.05.25"]
[Round "2"]
[White "Andersen, Daniel H."]
[Black "Granmo, Gisle J."]
[Result "0-1"]
[WhiteElo "1677"]
[BlackElo "1657"]
[PlyCount "116"]
[EventDate "2024.??.??"]

1. e4 c5 2. c3 g6 3. d4 cxd4 4. cxd4 Bg7 5. Nf3 Nc6 6. Nc3 d6 7. Bc4 Nf6 8. O-O
O-O 9. d5 Na5 10. Bd3 b6 11. h3 Bd7 12. b4 Nb7 13. Bb2 a5 14. a3 Nh5 15. Rc1
Nf4 16. Qd2 Nxd3 17. Qxd3 b5 18. Nd4 Qb6 19. Rfd1 Rfc8 20. Nce2 axb4 21. axb4
Nd8 22. Rxc8 Rxc8 23. Rc1 Rxc1+ 24. Bxc1 e5 25. Nc2 f5 26. Nc3 fxe4 27. Nxe4
Bf5 28. Ne3 Bxe4 29. Qxe4 Qc7 30. Qc2 Qb7 31. Qd3 Nf7 32. Nd1 Qa6 33. Nc3 Qa1
34. Qc2 Bh6 35. Ne2 Bxc1 36. Nxc1 Qd4 37. Qb3 Ng5 38. Ne2 Qa1+ 39. Kh2 Ne4 40.
Qf3 Nd2 41. Qc3 Qe1 42. Qc8+ Kg7 43. Qd7+ Kh6 44. Ng1 Qxf2 45. Qg4 Nf1+ 46. Kh1
Ne3 47. Qf3 Qxf3 48. gxf3 Nxd5 49. Kg2 Nxb4 50. Kf2 Kg5 51. Ke2 Kf4 52. Kd2 d5
53. Ne2+ Kxf3 54. Nc3 e4 55. Nxb5 e3+ 56. Ke1 Nc2+ 57. Kd1 e2+ 58. Kd2 e1=Q+
0-1

[Event "Nordnorsk Mesterskap i sjakk 2024"]
[Site "Sparebanken Nordnorge festsal"]
[Date "2024.05.25"]
[Round "2"]
[White "Hansen, Ola"]
[Black "Olsen, Preben J."]
[Result "0-1"]
[WhiteElo "1659"]
[BlackElo "1655"]
[PlyCount "26"]
[EventDate "2024.??.??"]

1. e4 c6 2. Qe2 d5 3. d3 dxe4 4. dxe4 e5 5. Nf3 Nf6 6. Bg5 Nbd7 7. Nbd2 Qc7 8.
h3 Be7 9. g4 a5 10. Bg2 b5 11. O-O Nc5 12. Nh2 Ne6 13. c3 Nxg5 0-1

[Event "Nordnorsk Mesterskap i sjakk 2024"]
[Site "Sparebanken Nordnorge festsal"]
[Date "2024.05.25"]
[Round "3"]
[White "Hansen, Thobias G."]
[Black "Solbakken, Mikkel D."]
[Result "1-0"]
[WhiteElo "1852"]
[BlackElo "1781"]
[PlyCount "55"]
[EventDate "2024.??.??"]

1. e4 c6 2. Ne2 d5 3. e5 c5 4. d4 cxd4 5. Nxd4 Nc6 6. c3 Nxe5 7. Nb5 Nf6 8. Bf4
a6 9. Bxe5 axb5 10. Bxf6 gxf6 11. Bxb5+ Bd7 12. Qxd5 Bxb5 13. Qxb5+ Qd7 14.
Qxd7+ Kxd7 15. Ke2 e5 16. Nd2 Rg8 17. g3 h5 18. h4 Ke6 19. a4 f5 20. a5 Bh6 21.
Nc4 f4 22. Rhd1 Bf8 23. gxf4 exf4 24. Kf3 Bc5 25. Re1+ Kd5 26. Re4 Rg4 27. Rd1+
Kc6 28. Ne5+ 1-0

[Event "Nordnorsk Mesterskap i sjakk 2024"]
[Site "Sparebanken Nordnorge festsal"]
[Date "2024.05.25"]
[Round "3"]
[White "Solbu, August"]
[Black "Granmo, Gisle J."]
[Result "1/2-1/2"]
[WhiteElo "1806"]
[BlackElo "1657"]
[PlyCount "77"]
[EventDate "2024.??.??"]

1. e4 c5 2. Nf3 g6 3. c3 d5 4. e5 Nc6 5. d4 cxd4 6. cxd4 Bg4 7. Bb5 a6 8. Bxc6+
bxc6 9. h3 Bxf3 10. Qxf3 Qb6 11. Qd3 Bg7 12. Nc3 e6 13. O-O Ne7 14. Na4 Qb5 15.
Qb3 Qxb3 16. axb3 Nf5 17. Rd1 O-O 18. Nc5 a5 19. g4 Nh4 20. Rd3 h6 21. Bd2 Rfb8
22. Rxa5 Rxa5 23. Bxa5 Rb5 24. Bd8 g5 25. Bc7 Ng6 26. Bd6 Nf4 27. Re3 Bf8 28.
Bxf8 Kxf8 29. Kf1 Rb4 30. Nd3 Rxd4 31. Nxf4 Rxf4 32. Rc3 Rb4 33. Ke2 d4 34. Rd3
c5 35. f4 gxf4 36. Kf3 Kg7 37. Kxf4 Kg6 38. h4 Rb8 39. Ke4 1/2-1/2

[Event "Nordnorsk Mesterskap i sjakk 2024"]
[Site "Sparebanken Nordnorge festsal"]
[Date "2024.05.25"]
[Round "3"]
[White "Høifødt, Jakob S."]
[Black "Mathisen, Pål S. S."]
[Result "1-0"]
[WhiteElo "1677"]
[BlackElo "1772"]
[PlyCount "117"]
[EventDate "2024.??.??"]

1. d4 Nf6 2. c4 e6 3. g3 d5 4. Bg2 c5 5. Nf3 Nc6 6. O-O Be7 7. Bg5 O-O 8. dxc5
h6 9. Bxf6 Bxf6 10. Qc2 dxc4 11. Nbd2 Na5 12. Ne4 Rb8 13. Rfd1 Qe7 14. Nxf6+
Qxf6 15. Nd2 b6 16. Nxc4 Nxc4 17. Qxc4 bxc5 18. b3 Qe5 19. e3 Bb7 20. Rac1 Rfc8
21. Rd7 Bxg2 22. Kxg2 Rb4 23. Qd3 Qb8 24. Qd6 Qxd6 25. Rxd6 Rb6 26. Rd3 a5 27.
Rdc3 Rbc6 28. Rc4 Kf8 29. Ra4 Ra8 30. b4 c4 31. Rxa5 Rxa5 32. bxa5 Ke7 33. Kf3
Kd6 34. Ke4 Kc5 35. a3 Ra6 36. Rc3 Rxa5 37. h4 Rb5 38. f3 Rb2 39. g4 Rh2 40. h5
Rb2 41. f4 f5+ 42. gxf5 exf5+ 43. Kxf5 Rb3 44. Rc1 Rxe3 45. Kg6 Rg3+ 46. Kf7 c3
47. f5 Kc4 48. a4 Kb3 49. a5 Kb2 50. a6 c2 51. Rxc2+ Kxc2 52. a7 Ra3 53. Kxg7
Kd3 54. Kxh6 Ke4 55. f6 Rxa7 56. Kg6 Kf4 57. h6 Ke5 58. f7 Ra6+ 59. Kg7 1-0

[Event "Nordnorsk Mesterskap i sjakk 2024"]
[Site "Sparebanken Nordnorge festsal"]
[Date "2024.05.25"]
[Round "3"]
[White "Pettersen, Magnor"]
[Black "Andersen, Daniel H."]
[Result "0-1"]
[WhiteElo "1736"]
[BlackElo "1677"]
[PlyCount "50"]
[EventDate "2024.??.??"]

1. d4 Nf6 2. Nf3 g6 3. Bf4 Bg7 4. e3 O-O 5. c4 d6 6. h3 Nbd7 7. Nc3 b6 8. Be2
a5 9. Rc1 Bb7 10. a3 Re8 11. b4 axb4 12. axb4 e5 13. dxe5 dxe5 14. Bh2 Qe7 15.
O-O Qxb4 16. Nb5 Qc5 17. Qd2 Rad8 18. Qa2 Ne4 19. Rfd1 Nd6 20. Nxd6 cxd6 21.
Rc2 Qc6 22. Rcd2 Nc5 23. Bf1 Ne4 24. Rd3 Ra8 25. Qb3 Nc5 0-1

[Event "Nordnorsk Mesterskap i sjakk 2024"]
[Site "Sparebanken Nordnorge festsal"]
[Date "2024.05.26"]
[Round "4"]
[White "Høifødt, Jakob S."]
[Black "Hansen, Thobias G."]
[Result "0-1"]
[WhiteElo "1677"]
[BlackElo "1852"]
[PlyCount "86"]
[EventDate "2024.??.??"]

1. d4 Nf6 2. c4 e6 3. g3 d5 4. Bg2 Be7 5. Nf3 Ne4 6. O-O f5 7. Nc3 c6 8. Ne5
Nd7 9. Nxd7 Bxd7 10. Nxe4 fxe4 11. f3 exf3 12. Rxf3 dxc4 13. Rf1 Bf6 14. e3 Qb6
15. Qc2 e5 16. Qe4 O-O-O 17. d5 cxd5 18. Qxd5 Bb5 19. Qe4 c3 20. Qg4+ Kb8 21.
Rd1 cxb2 22. Bxb2 Qxe3+ 23. Kh1 Qe2 24. Qxe2 Bxe2 25. Re1 Rd2 26. Bc3 Rc2 27.
Rab1 b6 28. a4 Rxc3 29. Rxe2 Rc5 30. Rd2 Rd8 31. Rxd8+ Bxd8 32. h3 Kc7 33. Rf1
Bf6 34. Rd1 a6 35. h4 b5 36. a5 Rc3 37. Kh2 Ra3 38. Rc1+ Kd7 39. Bh3+ Kd6 40.
Rd1+ Kc5 41. Rc1+ Kb4 42. Be6 Kxa5 43. Rc6 Kb4 0-1

[Event "Nordnorsk Mesterskap i sjakk 2024"]
[Site "Sparebanken Nordnorge festsal"]
[Date "2024.05.26"]
[Round "4"]
[White "Olsen, Preben J."]
[Black "Hrafnkelsson, Thorir"]
[Result "1/2-1/2"]
[WhiteElo "1655"]
[BlackElo "1783"]
[PlyCount "128"]
[EventDate "2024.??.??"]

1. e4 e5 2. Nc3 d6 3. Bc4 Nf6 4. d3 Be6 5. Bb3 Nc6 6. Nge2 Bxb3 7. axb3 Be7 8.
O-O h6 9. f4 d5 10. fxe5 Nxe5 11. Ng3 dxe4 12. Ngxe4 Qd4+ 13. Kh1 a6 14. Ra4
Qd7 15. Nxf6+ Bxf6 16. Re4 O-O-O 17. Qe2 Nc6 18. Be3 Rhe8 19. Qf3 Rxe4 20. Nxe4
Bxb2 21. Qxf7 Qxf7 22. Rxf7 b6 23. Rf2 Nb4 24. g4 Nd5 25. Bd2 Bd4 26. Rf7 Rd7
27. Rf1 Ne3 28. Bxe3 Bxe3 29. Re1 Bf4 30. Re2 a5 31. Kg2 c6 32. h3 Kc7 33. Nc3
Bd6 34. Re4 b5 35. Kf3 Rf7+ 36. Ke2 Re7 37. Kf3 Rf7+ 38. Ke2 Bb4 39. Nd1 Re7
40. Rxe7+ Bxe7 41. c4 a4 42. cxb5 axb3 43. bxc6 Kxc6 44. Kd2 Bf6 45. Kc1 Bd4
46. Nb2 Kd5 47. Nc4 g5 48. Na5 b2+ 49. Kc2 Bc3 50. Nc4 Kd4 51. Na3 Bb4 52. Nc4
b1=Q+ 53. Kxb1 Kxd3 54. Ne5+ Ke2 55. Kc2 Kf1 56. Kd3 Kg2 57. Ke4 Bc3 58. Nd3
Kxh3 59. Kf3 Bd4 60. Ne1 Bc3 61. Nd3 Bd4 62. Ne1 Be5 63. Ng2 Bd4 64. Ne1 Bc3
1/2-1/2

[Event "Nordnorsk Mesterskap i sjakk 2024"]
[Site "Sparebanken Nordnorge festsal"]
[Date "2024.05.26"]
[Round "4"]
[White "Mathisen, Pål S. S."]
[Black "Solbakken, Mikkel D."]
[Result "0-1"]
[WhiteElo "1772"]
[BlackElo "1781"]
[PlyCount "134"]
[EventDate "2024.??.??"]

1. c4 c5 2. g3 Nc6 3. Bg2 b6 4. Nf3 Bb7 5. O-O Nf6 6. Nc3 e6 7. e4 d6 8. d4
cxd4 9. Nxd4 Rc8 10. b3 Be7 11. Bb2 O-O 12. Nc2 Qc7 13. Ne3 a6 14. Qe2 Rfd8 15.
Rac1 Qb8 16. Rfd1 Na7 17. a4 Bc6 18. Ned5 Qb7 19. Nxe7+ Qxe7 20. Ba3 Qc7 21.
Nb5 axb5 22. cxb5 Bxb5 23. axb5 Qb8 24. Rxc8 Qxc8 25. e5 dxe5 26. Rxd8+ Qxd8
27. Qxe5 Qe8 28. Bf1 h6 29. Bc4 Nc8 30. Bb2 Qd8 31. Bd4 Ne7 32. Qe3 Nf5 33.
Bxb6 Qd1+ 34. Kg2 Nxe3+ 35. Bxe3 Ng4 36. Bc5 Ne5 37. b6 Qf3+ 38. Kf1 Nxc4 39.
bxc4 Qc6 40. Be3 Qxc4+ 41. Kg2 Kf8 42. h4 Ke7 43. Kh2 Qb5 44. Kh3 g5 45. hxg5
hxg5 46. Kh2 Kd6 47. Kh3 Qd5 48. Kh2 g4 49. Kg1 e5 50. Kh2 f5 51. Kg1 Qe4 52.
Bg5 Qb1+ 53. Kg2 Qxb6 54. Bh6 Qd4 55. Be3 Qd5+ 56. Kg1 Qf3 57. Ba7 f4 58. gxf4
exf4 59. Kh2 g3+ 60. fxg3 fxg3+ 61. Kg1 Qe2 62. Bb8+ Kd5 63. Bxg3 Ke4 64. Kh1
Kf3 65. Bf2 Qf1+ 66. Bg1 Qh3+ 67. Bh2 Qg2# 0-1

[Event "Nordnorsk Mesterskap i sjakk 2024"]
[Site "Sparebanken Nordnorge festsal"]
[Date "2024.05.26"]
[Round "4"]
[White "Granmo, Gisle J."]
[Black "Hansen, Ola"]
[Result "1-0"]
[WhiteElo "1657"]
[BlackElo "1659"]
[PlyCount "83"]
[EventDate "2024.??.??"]

1. e4 e5 2. Nf3 Qe7 3. Bc4 d6 4. Nc3 c6 5. d3 g6 6. Be3 Bg7 7. Qd2 Nf6 8. Bh6
Bxh6 9. Qxh6 Ng4 10. Qd2 Be6 11. Bxe6 Qxe6 12. O-O Nd7 13. h3 Ngf6 14. Ng5 Qe7
15. f4 h6 16. fxe5 dxe5 17. Nf3 g5 18. Nh2 Nh5 19. Ng4 Nf4 20. d4 h5 21. Nxe5
Nxe5 22. dxe5 Qxe5 23. Rad1 Qe7 24. Qd4 O-O 25. Qe3 Ne6 26. Kh1 b6 27. e5 Nf4
28. Kh2 Rae8 29. Rde1 Qc5 30. Qe4 Ng6 31. Rf5 Kg7 32. Rxg5 h4 33. Qf5 Qe7 34.
Re4 Rh8 35. Ne2 Qe6 36. Qf2 Qe7 37. Rgg4 Qc7 38. Qf5 Kf8 39. Rxg6 Rg8 40. Rxg8+
Kxg8 41. Nf4 Qe7 42. Nh5 1-0

[Event "Nordnorsk Mesterskap i sjakk 2024"]
[Site "Sparebanken Nordnorge festsal"]
[Date "2024.05.26"]
[Round "5"]
[White "Hansen, Thobias G."]
[Black "Olsen, Preben J."]
[Result "1/2-1/2"]
[WhiteElo "1852"]
[BlackElo "1655"]
[PlyCount "63"]
[EventDate "2024.??.??"]

1. e4 c6 2. d4 d5 3. Nc3 dxe4 4. Nxe4 Nf6 5. Nxf6+ exf6 6. c3 Bd6 7. Bd3 O-O 8.
Qc2 h5 9. Ne2 Re8 10. O-O Nd7 11. Nf4 Bxf4 12. Bxf4 Nf8 13. Rfd1 Bg4 14. f3 Be6
15. Bg3 Rc8 16. Bf2 Qc7 17. Bg3 Qd8 18. Bf2 Qc7 19. c4 Qa5 20. Be1 Qb6 21. Bf2
Qa5 22. b4 Qxb4 23. Rab1 Qe7 24. Qa4 Ra8 25. Qa5 g6 26. d5 b6 27. Qa4 cxd5 28.
cxd5 Bd7 29. Qb3 Qd8 30. a4 Bc8 31. Bb5 Bd7 32. Bd3 1/2-1/2

[Event "Nordnorsk Mesterskap i sjakk 2024"]
[Site "Sparebanken Nordnorge festsal"]
[Date "2024.05.26"]
[Round "5"]
[White "Solbu, August"]
[Black "Andersen, Daniel H."]
[Result "1-0"]
[WhiteElo "1806"]
[BlackElo "1677"]
[PlyCount "91"]
[EventDate "2024.??.??"]

1. e4 c5 2. Nf3 Nc6 3. d4 cxd4 4. Nxd4 e5 5. Nb5 d6 6. N1c3 a6 7. Na3 b5 8. Nd5
Nge7 9. c4 Nxd5 10. exd5 Nd4 11. cxb5 Bd7 12. bxa6 Qa5+ 13. Bd2 Qxd5 14. Nc4
Qe4+ 15. Ne3 d5 16. Qb1 Bf5 17. Qxe4 Bxe4 18. f3 Nc2+ 19. Nxc2 Bxc2 20. Bb5+
Ke7 21. Rc1 Bf5 22. Rc7+ Ke6 23. O-O Bd6 24. Rc3 Rhc8 25. Rfc1 Ke7 26. g4 Bd7
27. a4 Rxc3 28. Rxc3 d4 29. Rc4 Be6 30. Rc1 Bd5 31. Kf2 g6 32. g5 Ra7 33. b4 f5
34. gxf6+ Kxf6 35. Bc6 Ke6 36. b5 Bxc6 37. Rxc6 Kd5 38. Ba5 Rf7 39. Ke2 d3+ 40.
Kd2 Rxf3 41. Rxd6+ Kxd6 42. a7 Rf2+ 43. Kxd3 e4+ 44. Ke3 Rxh2 45. a8=Q Rh3+ 46.
Kxe4 1-0

[Event "Nordnorsk Mesterskap i sjakk 2024"]
[Site "Sparebanken Nordnorge festsal"]
[Date "2024.05.26"]
[Round "5"]
[White "Solbakken, Mikkel D."]
[Black "Hrafnkelsson, Thorir"]
[Result "1/2-1/2"]
[WhiteElo "1781"]
[BlackElo "1783"]
[PlyCount "181"]
[EventDate "2024.??.??"]

1. e4 e5 2. Nc3 d6 3. Bc4 Nc6 4. d3 Nf6 5. f4 Na5 6. Bb5+ c6 7. Ba4 b5 8. Bb3
Nxb3 9. axb3 Bb7 10. Nf3 Qc7 11. O-O Be7 12. Ne2 a6 13. Ng3 g6 14. d4 Nd7 15.
c4 f6 16. fxe5 dxe5 17. d5 cxd5 18. cxd5 Bc5+ 19. Kh1 O-O 20. Qd3 Qb6 21. Bd2
b4 22. h4 a5 23. h5 Ba6 24. Qb1 Bxf1 25. Qxf1 f5 26. Bh6 Rf7 27. Ng5 Rf6 28.
Qc4 Qd6 29. Ne6 f4 30. Nf1 gxh5 31. Bg5 Rg6 32. Rc1 Rc8 33. Qe2 Nf8 34. Nxc5
Rxc5 35. Rxc5 Qxc5 36. Bh4 Qc8 37. Qxh5 Qg4 38. Qxg4 Rxg4 39. Bd8 Rg7 40. Bf6
Nd7 41. Bxg7 Kxg7 42. Kg1 Kf6 43. Kf2 Nc5 44. Nd2 Nd3+ 45. Kf3 Nxb2 46. Ke2 a4
47. bxa4 Nxa4 48. Kd3 Nb6 49. Nf3 h5 50. Ng1 b3 51. Kc3 b2 52. Kxb2 Nc4+ 53.
Kc3 Ne3 54. Kd3 Nxg2 55. Ke2 Ne3 56. Kf3 Nc4 57. Ke2 Nd6 58. Kf3 Nc4 59. Ke2
Kg5 60. Nf3+ Kg4 61. Kd3 Kxf3 62. Kxc4 Kxe4 63. d6 f3 64. d7 f2 65. d8=Q f1=Q+
66. Kc3 Qc1+ 67. Kb4 Qb2+ 68. Kc4 Qc2+ 69. Kb4 Qf2 70. Qa8+ Kf4 71. Qf8+ Kg3
72. Qg7+ Kf4 73. Qh6+ Kg4 74. Qg7+ Kh3 75. Qxe5 h4 76. Ka5 Kg2 77. Qg5+ Kf1 78.
Qb5+ Kg2 79. Qg5+ Qg3 80. Qd2+ Kh3 81. Qd7+ Kh2 82. Qd2+ Qg2 83. Qd6+ Qg3 84.
Qd2+ Kh1 85. Qd1+ Kg2 86. Qc2+ Qf2 87. Qe4+ Kf1 88. Qh1+ Ke2 89. Qe4+ Kd1 90.
Qb1+ Ke2 91. Qe4+ 1/2-1/2

[Event "Nordnorsk Mesterskap i sjakk 2024"]
[Site "Sparebanken Nordnorge festsal"]
[Date "2024.05.26"]
[Round "5"]
[White "Granmo, Gisle J."]
[Black "Høifødt, Jakob S."]
[Result "0-1"]
[WhiteElo "1657"]
[BlackElo "1677"]
[PlyCount "121"]
[EventDate "2024.??.??"]

1. e4 c6 2. d4 d5 3. exd5 cxd5 4. c4 Nf6 5. Nc3 Nc6 6. Nf3 Bg4 7. cxd5 Nxd5 8.
Qb3 Bxf3 9. gxf3 Nxc3 10. bxc3 Qc7 11. Rb1 Rb8 12. d5 Ne5 13. Bb5+ Nd7 14. O-O
a6 15. Bxd7+ Qxd7 16. Bf4 Rd8 17. c4 g5 18. Be5 f6 19. Bd4 b5 20. Rfd1 bxc4 21.
Qxc4 Qxd5 22. Qa4+ Qd7 23. Qxa6 Qf5 24. Qc6+ Kf7 25. Qc4+ Kg6 26. Qb3 Bg7 27.
Ra1 Qf4 28. Qe3 Rxd4 29. Rxd4 Qxe3 30. fxe3 f5 31. Rdd1 Bxa1 32. Rxa1 Ra8 33.
a4 Ra5 34. Kf2 f4 35. h3 Kf5 36. e4+ Ke5 37. Ke2 Kd4 38. Kd2 Kc4 39. Kc2 e5 40.
Kb2 Kb4 41. Rg1 h6 42. h4 gxh4 43. Rg4 Rxa4 44. Rxh4 Kc4 45. Rxh6 Kd3 46. Rh3
Ke3 47. Kb3 Rd4 48. Kc3 Rd3+ 49. Kc4 Rd2 50. Rh5 Rd4+ 51. Kc3 Kxf3 52. Rxe5
Rxe4 53. Rd5 Kf2 54. Kd3 Re3+ 55. Kd2 Re2+ 56. Kd1 f3 57. Rg5 Re7 58. Rg4 Kf1
59. Kd2 f2 60. Rg3 Rd7+ 61. Ke3 0-1